000 00540nam a22002177a 4500
003 UA-OsUOA
001 55943
007 ta
008 20080924b un ||||| |||| 00| 0 ukr d
100 _aСлєсарук С.
090 _a330
_bС47
942 _cSA
040 _aUA-OsUOA
_bukr
_cUA-OsUOA
_dUA-OsUOA
245 _aНебезпечні зв'язки/іпотечна криза
300 _aС.18-22
955 _a0
041 _aukr
080 _a330
773 0 _w55942
650 7 _a330 Економіка взагалі
_2UDC
999 _c341870
_d341870